Vocabulaire Japonais - Statistiques

Statistiques générales
  • Ce quiz a été pris 177 fois
  • Le résultat moyen est 8 sur 30
Statistiques - réponses
Indice Réponse % Correct
Quoi Nani
86%
Pourquoi Nande / Doushite / Naze
75%
Doko
69%
Mais Demo / Ga / Shikashi
61%
Tout le monde minna
54%
Qui Dare
53%
Wow ! / Incroyable Sugoi
49%
Vraiment?! Honto ni
39%
Quand Itsu
34%
Très Totemo
32%
Comment Dou
30%
Combien (argent) Ikura
28%
Ensemble Issho ni
26%
Il y a longtemps Mukashi
22%
Par exemple Tatoeba
19%
Souvent Yoku
18%
Beaucoup Takusan
14%
Si (conditionnel) Moshi
11%
Autre Betsu no / Hoka no
10%
Trop Sugiru
8%
Pas beaucoup Amari
6%
Dernièrement Saikin / Saigo ni
6%
A propos de ... Ni tsuite
5%
D'abord Hajime ni
3%
Généralement / en général Ippan teki ni
2%
Ou (interrogatif) Soretomo
2%
C'est à dire Tsumari
2%
Spontané Jihatsu
1%
A l'époque No koro
1%
Même si /Bien que Toittemo
0%
Aucun quiz correspondant
Distribution des résultats
% des personnes avec chaque résultat
Percentile par nombre de réponses
Votre historique - résultats
Vous n’avez pas pris ce quiz